1970s Movie Slideshow Quiz Stats

 Plays Quiz Updated Mar 25, 2015

Challenge
Share
Tweet
Score 0/30 Timer 08:00
5 Plays Today
% Correct
Star Trek: The Motion Picture
97.8%
Rocky
97.2%
Star Wars: Episode IV - A New Hope
95.7%
The Godfather
95.6%
Grease
95.3%
Jaws
95.1%
The Many Adventures of Winnie the Pooh
94.6%
King Kong
94.2%
Saturday Night Fever
92%
Robin Hood
90.8%
One Flew Over the Cuckoo's Nest
87.8%
Dirty Harry
86.3%
Carrie
85.3%
Animal House
81.5%
Patton
79.4%
% Correct
Fiddler on the Roof
79.2%
Monty Python and the Holy Grail
79.2%
The Three Musketeers
78.5%
A Clockwork Orange
77.5%
Willy Wonka & the Chocolate Factory
77.3%
Annie Hall
76.8%
The Rocky Horror Picture Show
76.7%
The Aristocats
74.3%
M*A*S*H
74.1%
Young Frankenstein
73.5%
Blazing Saddles
73.2%
Kramer vs. Kramer
72.6%
Woodstock
71%
Cabaret
70.3%
All the President's Men
60.1%

You're not logged in!

Compare scores with friends on all Sporcle quizzes.
OR
Log In

You Might Also Like...

Show Comments

Extras

Top Quizzes Today


Score Distribution

Your Account Isn't Verified!

In order to create a playlist on Sporcle, you need to verify the email address you used during registration. Go to your Sporcle Settings to finish the process.

Report this User

Report this user for behavior that violates our Community Guidelines.

Details: